Italian Food Slideshow Quiz Stats

 Plays Quiz Updated Feb 17, 2016

Also try: Foods by Country
Challenge
Share
Tweet
Score 0/20 Timer 10:00
7 Plays Today
% Correct
Pizza napoletana
99.7%
Lasagne
95.4%
Tiramis├╣
86.6%
Ravioli
80.6%
Gelato
76.1%
Pesto
75.8%
Risotto
74.9%
Bruschetta
68.9%
Biscotti
67%
Minestrone
64.8%
% Correct
Tortellini
62.7%
Cannoli
61.5%
Tagliatelle alla bolognese
55.7%
Insalata caprese
55.6%
Spaghetti alla carbonara
47.5%
Parmigiana di melanzane
42.4%
Panna cotta
24.9%
Pollo alla cacciatora
17.2%
Spaghetti alla puttanesca
16.8%
Panzanella
11.8%

You're not logged in!

Compare scores with friends on all Sporcle quizzes.
Join for Free
OR
Log In

You Might Also Like...

Show Comments

Extras

Top Quizzes Today


Score Distribution

Your Account Isn't Verified!

In order to create a playlist on Sporcle, you need to verify the email address you used during registration. Go to your Sporcle Settings to finish the process.

Report this User

Report this user for behavior that violates our Community Guidelines.

Details: